Active galactic nuclei (Record no. 6409)

MARC details
000 -LEADER
fixed length control field 00642nam a2200205Ia 4500
003 - CONTROL NUMBER IDENTIFIER
control field IN-BaIIA
008 - FIXED-LENGTH DATA ELEMENTS--GENERAL INFORMATION
fixed length control field 211028s9999 xx 000 0 eng d
020 ## - INTERNATIONAL STANDARD BOOK NUMBER
International Standard Book Number 0-521-22494-2
040 ## - CATALOGING SOURCE
Transcribing agency IIA Library
080 ## - UNIVERSAL DECIMAL CLASSIFICATION NUMBER
Universal Decimal Classification number 524.744(082.1)
Item number ACT
245 #0 - TITLE STATEMENT
Title Active galactic nuclei
Statement of responsibility, etc. edited by C. Hazard and S. Mitton
260 ## - PUBLICATION, DISTRIBUTION, ETC.
Place of publication, distribution, etc. Cambridge
Name of publisher, distributor, etc. Cambridge University Press
Date of publication, distribution, etc. 1979
300 ## - PHYSICAL DESCRIPTION
Extent [various pagings.]
650 ## - SUBJECT ADDED ENTRY--TOPICAL TERM
Topical term or geographic name entry element Galaxies
9 (RLIN) 1286
650 ## - SUBJECT ADDED ENTRY--TOPICAL TERM
Topical term or geographic name entry element Nuclear astrophysics
9 (RLIN) 2774
650 ## - SUBJECT ADDED ENTRY--TOPICAL TERM
Topical term or geographic name entry element Quasars
9 (RLIN) 1096
700 ## - ADDED ENTRY--PERSONAL NAME
Personal name Hazard, C., ed.
9 (RLIN) 10996
700 ## - ADDED ENTRY--PERSONAL NAME
Personal name Mitton, S., ed.
9 (RLIN) 10997
942 ## - ADDED ENTRY ELEMENTS (KOHA)
Koha item type Books
Holdings
Withdrawn status Lost status Damaged status Not for loan Home library Current library Shelving location Date acquired Total Checkouts Full call number Barcode Date last seen Price effective from Koha item type
        IIA Library-Bangalore IIA Library-Bangalore General Stacks 12/12/1979   524.744(082.1)/ ACT 7140 05/11/2021 12/12/1979 Books

Powered by Koha